แสดงรายละเอียดบรรณานุกรม
  กลับหน้าหลัก

Brief Record : Get Marc (ISO 2709) : E-mail record : QR code ปิดหน้าต่าง
E-books : เกี่ยวกับ Collections
LEADER 00000nam 2200000uu 4500
001    212283
003     ULIBM
008    020711s2561 th a 000 0 tha d
020    9786169311706
041    ^atha^beng
060  4 WN 206 ก451 2561
245    การตรวจเพทในภาวะสมองเสื่อม=^bPET imaging in dementia/^cบรรณาธิการ ชนิสา โชติพานิช
246 31 ^aPET imaging in dementia
250    พิมพ์ครั้งที่ 1
260    กรุงเทพฯ :^bศูนย์ไซโคลตรอนและเพทสแกนแห่งชาติ โรงพยาบาลจุฬาภรณ์ วิทยาลัย ,^c2561
300    xxxiii,521 หน้า^bภาพประกอบ:24 ซม.
650  4 การบันทึกภาพด้วยรังสีทางการแพทย์^xการใช้วินิจฉัย
650  4 ^aโทโมกราฟีย์, การบันทึกภาพรังสีด้วยคอมพิวเตอร์^xการใช้วินิจฉัย
650  4 ^a^aสมองเสื่อม^xการวินิจฉัย
700 0  ^aชนิสา โชติพานิช,^eบรรณาธิการ
710 2  ^aโรงพยาบาลจุฬาภรณ์. ศูนย์ไซโคลตรอนและเพทสแกนแห่งชาติ
710 2  ^aราชวิทยาลัยจุฬาภรณ์. วิทยาศาสตร์การแพทย์เจ้าฟ้าจุฬาภรณ์
856    ^zการตรวจเพทในภาวะสมองเสื่อม.pdf (สารบัญหนังสือ)^uhttp://110.164.94.213/ULIB62015//_fulltext/5/212283/20190404095441_4951.pdf
999    ^aใช้งานได้ทุกระบบ
รายการนี้ยังไม่มีแท็ก
คุณยังไม่ได้ล็อกอิน คุณสามารถมีกิจกรรมร่วมกับเว็บไซต์ได้ แต่ต้องล็อกอินก่อน ::
  ล็อกอิน
ลำดับที่ ประเภท เลขเรียก สถานที่ สถานะ
1. การพยาบาล (ตำราหลัก)
การพยาบาล (ตำราหลัก)
WN 206 ก451 2561 ฉ.1 
  
การพยาบาลจิตเวชและสุขภาพจิต On Shelf
  ขอยืม
2. การพยาบาล (ตำราหลัก)
การพยาบาล (ตำราหลัก)
WN 206 ก451 2561 ฉ.2 
  
การพยาบาลจิตเวชและสุขภาพจิต On Shelf
  ขอยืม
Note:จัดซื้อปีงบประมาณ 2562
3. การพยาบาล (ตำราหลัก)
การพยาบาล (ตำราหลัก)
WN 206 ก451 2561 ฉ.3 
  
การพยาบาลจิตเวชและสุขภาพจิต On Shelf
  ขอยืม
Note:จัดซื้อปีงบประมาณ 2562
4. การพยาบาล (ตำราหลัก)
การพยาบาล (ตำราหลัก)
WN 206 ก451 2561 ฉ.4 
  
การพยาบาลจิตเวชและสุขภาพจิต On Shelf
  ขอยืม
Note:จัดซื้อปีงบประมาณ 2562
5. การพยาบาล (ตำราหลัก)
การพยาบาล (ตำราหลัก)
WN 206 ก451 2561 ฉ.5 
  
การพยาบาลจิตเวชและสุขภาพจิต On Shelf
  ขอยืม
Note:จัดซื้อปีงบประมาณ 2562
6. การพยาบาล (ตำราหลัก)
การพยาบาล (ตำราหลัก)
WN 206 ก451 2561 ฉ.6 
  
การพยาบาลจิตเวชและสุขภาพจิต On Shelf
  ขอยืม
Note:จัดซื้อปีงบประมาณ 2562
   [แสดง 6/6 รายการ]

BibComment


ยังไม่เคยถูกคอมเมนท์

คอมเมนท์ทรัพยากรรายการนี้
  คอมเมนท์: การตรวจเพทในภาวะส..
Bib 212283

 
 
 

 Union Library Management : ULibM
Copyright 2026. All Rights Reserved.
скачать бесплатно без регистрации порно красивый секс HD Sex Hindi sex

xxx gou

xxxx

bfxxx

xxxwww

Секса Видео

xxxx

Секса Видео

detube

geilexxx

C99 Shell

worms shell

blod xxx video
Ebony Coed Rihanna Rimes Takes A Dick In Her Young Twat priyaa indian fuck anal and pusssy hardcore indian women xxx desi hardcore fucking part 1 bengalixxxcouple